2014 Commonwealth Games Sports - Statistics

General Stats
  • This quiz has been taken 230 times
  • The average score is 13 of 18
Answer Stats
Sport % Correct
Athletics
95%
Swimming
94%
Cycling
78%
Badminton
76%
Boxing
73%
Judo
72%
Table Tennis
72%
Wrestling
69%
Diving
68%
Hockey
68%
Rugby Sevens
68%
Weightlifting
66%
Gymnastics
64%
Netball
64%
Shooting
64%
Triathlon
59%
Squash
57%
Lawn Bowls
55%
No matching quizzes found
Score Distribution
Percent of People with Each Score
Percentile by Number Answered
Your Score History
You have not taken this quiz